| 000 | 00454nam a22001697a 4500 | ||
|---|---|---|---|
| 003 | NUST - PNEC | ||
| 005 | 20170116181147.0 | ||
| 008 | 151013b xxu||||| |||| 00| 0 eng d | ||
| 020 | _a- | ||
| 040 | _cLIBRARY | ||
| 082 | _a891.4391 AWA | ||
| 100 |
_915084 _aAwan, Malik Mohammad Ikram |
||
| 245 |
_aAas Jazeera (Urdu) _cMaulana Malik Mohammad Ikram Awan |
||
| 260 |
_aLahore: _c1995 |
||
| 650 |
_915085 _aUrdu Literature _xGeneral |
||
| 942 |
_2ddc _cBK |
||
| 999 |
_c70753 _d70753 |
||